000
00358nam a22001577a 4500
003
MPLRDC
005
20220104125550.0
008
210129b ||||| |||| 00| 0 eng d
082
_a
868.71 CX-2
100
_a
陈欣
245
_a
银针集
_c
260
_a
_b
萌芽出版社
_c
1979
300
_b
平
650
_a
马华文学
942
_c
BK
_o
868.71 CX-2
999
_c
28377
_d
28367